| 000 | 01287cam a2200349 i 4500 | ||
|---|---|---|---|
| 003 | DO-SdBNP | ||
| 005 | 20231009120920.0 | ||
| 007 | ta | ||
| 008 | 751003s2018 sp d 001 0 spa d | ||
| 020 | _a9788430619085 | ||
| 040 |
_aDO-SdBNP _bspa _cBNPHU _erda |
||
| 082 |
_bM478 _222 |
||
| 100 | 1 |
_aMcMillan, Jonatha _qJürg Müller _984393 |
|
| 240 | 1 | 4 |
_aThe end of banking / _lEspañol |
| 245 | 1 | 3 |
_aEl fin de la banca : _bel dinero, el crédito y la revolución digital _cJonathan McMillan ; traducción María Luisa Rodríguez Tapia |
| 264 | 1 |
_aBarcelona, España : _bTaurus, _bPenguin Random House _c2018. |
|
| 264 | 1 | _c2018 1a. reimpresión | |
| 300 |
_a315 páginas _c24 cm. |
||
| 336 |
_2rdacontent _atexto _btxt |
||
| 337 |
_2rdamedia _asin mediación _bn |
||
| 338 |
_2rdacarrier _avolumen _bnc |
||
| 490 | 1 | _aEconomía | |
| 500 | _aIncluye datos biográficos del autor en la solapa de la portada. | ||
| 500 | _aLa biblioteca posee la 1a. reimpresión del 2018. | ||
| 500 | _aPapel certificado por el Forest Stewardship Council. | ||
| 500 | _aIncluye índice temático. | ||
| 504 | _aBibliografía p: 247-271. | ||
| 590 | _aInventariado, 2023/ YL | ||
| 700 | 1 |
_aRodríguez Tapia, María Luisa _etraducción _942669 |
|
| 910 | _aYlockward | ||
| 942 |
_2ddc _cLBS1 |
||
| 999 |
_c55091 _d55091 |
||